| 000 -CABECERA |
| campo de control de longitud fija |
00460nrc a22001817a 4500 |
| 003 - IDENTIFICADOR DEL NÚMERO DE CONTROL |
| campo de control |
OSt |
| 005 - FECHA Y HORA DE LA ÚLTIMA TRANSACCIÓN |
| campo de control |
20200519101050.0 |
| 008 - DATOS DE LONGITUD FIJA--INFORMACIÓN GENERAL |
| campo de control de longitud fija |
200519b ||||| |||| 00| 0 spa d |
| 040 ## - FUENTE DE LA CATALOGACIÓN |
| Centro/agencia transcriptor |
Nr |
| 082 ## - NÚMERO DE LA CLASIFICACIÓN DECIMAL DEWEY |
| Número de clasificación |
788 |
| Número de documento/Ítem |
Y15f |
| 100 ## - ENTRADA PRINCIPAL--NOMBRE DE PERSONA |
| Código de función/relación |
Yamaha |
| Término indicativo de función/relación |
Casa musical |
| 245 ## - MENCIÓN DE TÍTULO |
| Título |
Fliscornio alto |
| Resto del título |
con estuche negro |
| Mención de responsabilidad, etc. |
Yamaha |
| 300 ## - DESCRIPCIÓN FÍSICA |
| Material acompañante/anejo |
con estuche |
| 500 ## - NOTA GENERAL |
| Nota general |
Buen estado |
| 650 ## - PUNTO DE ACCESO ADICIONAL DE MATERIA--TÉRMINO DE MATERIA |
| Fuente del encabezamiento o término |
Instrumento musical |
| Subdivisión de forma |
Aerófono |
| 700 ## - PUNTO DE ACCESO ADICIONAL--NOMBRE DE PERSONA |
| Código de función/relación |
Yamaha |
| Término indicativo de función/relación |
casa musical |
| 942 ## - ELEMENTOS DE PUNTO DE ACCESO ADICIONAL (KOHA) |
| Fuente del sistema de clasificación o colocación |
|
| Tipo de ítem Koha |
Instrumentos |